[Event "Geraardsbergen op 28th"]
[Site "Geraardsbergen"]
[Date "2012.08.15"]
[Round "9"]
[White "Ponnet, Hendrik"]
[Black "Hovhannisyan, Mher"]
[Result "1/2-1/2"]
[WhiteElo "2255"]
[BlackElo "2485"]
[PlyCount "54"]
[EventDate "2012.08.11"]
[EventType "swiss"]
[EventRounds "9"]
[EventCountry "BEL"]
[SourceTitle "EXT 2013"]
[Source "ChessBase"]
[SourceDate "2012.11.22"]
[SourceVersion "1"]
[SourceVersionDate "2012.11.22"]
[SourceQuality "1"]

1. e4 e6 2. d4 d5 3. Nd2 c5 4. exd5 exd5 5. Ngf3 a6 6. c3 Nc6 7. Bd3 c4 8. Bc2 Qe7+ 9. Qe2 Qxe2+ 10. Kxe2 Bd6 11. Re1 Nge7 12. b3 cxb3 13. axb3 0-0 14. Kf1 Bg4 15. h3 Bh5 16. Ne5 Nxe5 17. dxe5 Bc5 18. f4 Bg6 19. Bxg6 hxg6 20. Nf3 Rac8 21. g4 Bb6 22. Bd2 Nc6 23. Ke2 Rfd8 24. Kd3 d4 25. c4 Bc5 26. Red1 f6 27. e6 Rd6 1/2-1/2

[Event "BEL-ch op"]
[Site "Lommel"]
[Date "2012.07.05"]
[Round "6"]
[White "Ponnet, Hendrik"]
[Black "Van Eetvelde, Ward"]
[Result "1/2-1/2"]
[WhiteElo "2206"]
[BlackElo "2024"]
[PlyCount "80"]
[EventDate "2012.06.30"]
[EventType "swiss"]
[EventRounds "9"]
[EventCountry "BEL"]
[SourceTitle "EXT 2013"]
[Source "ChessBase"]
[SourceDate "2012.11.22"]
[SourceVersion "1"]
[SourceVersionDate "2012.11.22"]
[SourceQuality "1"]

1. e4 d6 2. d4 Nf6 3. Nc3 g6 4. Bg5 c6 5. h3 b5 6. e5 b4 7. exf6 exf6 8. Bd2 bxc3 9. Bxc3 d5 10. Bd3 Qb6 11. Qd2 Bg7 12. 0-0-0 a5 13. Re1+ Be6 14. f4 0-0 15. f5 Bc8 16. h4 Na6 17. h5 Nb4 18. hxg6 Nxa2+ 19. Kd1 Nxc3+ 20. Qxc3 fxg6 21. fxg6 Bg4+ 22. Be2 Bxe2+ 23. Nxe2 hxg6 24. Nf4 Rfe8 25. Nxg6 Kf7 26. Nh4 Rxe1+ 27. Rxe1 Re8 28. Rxe8 Kxe8 29. Nf5 Bf8 30. b3 Qc7 31. Qh3 Qf4 32. Ke2 Qe4+ 33. Ne3 Kf7 34. Qd7+ Kg6 35. g4 Bh6 36. Qf5+ Qxf5 37. Nxf5 Bf8 38. Kf3 Ba3 39. Ng3 Kg5 40. Nf5 Kg6 1/2-1/2

[Event "BEL-ch op"]
[Site "Lommel"]
[Date "2012.07.03"]
[Round "4"]
[White "Ponnet, Hendrik"]
[Black "Tuerlinckx, Ben"]
[Result "1-0"]
[WhiteElo "2206"]
[BlackElo "1958"]
[PlyCount "59"]
[EventDate "2012.06.30"]
[EventType "swiss"]
[EventRounds "9"]
[EventCountry "BEL"]
[SourceTitle "EXT 2013"]
[Source "ChessBase"]
[SourceDate "2012.11.22"]
[SourceVersion "1"]
[SourceVersionDate "2012.11.22"]
[SourceQuality "1"]

1. e4 c5 2. c3 d5 3. exd5 Qxd5 4. d4 Nc6 5. Nf3 Bf5 6. dxc5 Qxd1+ 7. Kxd1 0-0-0+ 8. Ke1 Nf6 9. Be3 Ng4 10. Nbd2 e5 11. b4 Nxe3 12. fxe3 Bd3 13. b5 e4 14. bxc6 exf3 15. cxb7+ Kxb7 16. c6+ Kxc6 17. Nxf3 Bxf1 18. Rxf1 f6 19. Nd4+ Kd5 20. Rb1 Bc5 21. Rb7 Bxd4 22. cxd4 Rb8 23. Rxa7 Rhc8 24. Rf2 Rc3 25. Re2 Re8 26. Kf2 f5 27. Rxg7 f4 28. Rg5+ Ke4 29. Re5+ Rxe5 30. exf4+ 1-0

[Event "BEL-ch op"]
[Site "Lommel"]
[Date "2012.07.02"]
[Round "3"]
[White "Schenning, Albert AM"]
[Black "Ponnet, Hendrik"]
[Result "1/2-1/2"]
[WhiteElo "2016"]
[BlackElo "2206"]
[PlyCount "80"]
[EventDate "2012.06.30"]
[EventType "swiss"]
[EventRounds "9"]
[EventCountry "BEL"]
[SourceTitle "EXT 2013"]
[Source "ChessBase"]
[SourceDate "2012.11.22"]
[SourceVersion "1"]
[SourceVersionDate "2012.11.22"]
[SourceQuality "1"]

1. e4 d6 2. d4 Nf6 3. Nc3 c6 4. Nf3 Bg4 5. Be3 e6 6. Qd2 d5 7. e5 Nfd7 8. h3 Bxf3 9. gxf3 c5 10. f4 Nc6 11. Ne2 Rc8 12. c3 cxd4 13. Nxd4 g6 14. Bb5 Qa5 15. 0-0 Nxd4 16. Bxd7+ Kxd7 17. Bxd4 Qd8 18. Qd1 Rc6 19. Rc1 Kc8 20. Qd3 Qh4 21. Qg3 Qh5 22. Qg4 Bh6 23. Qxh5 gxh5 24. Be3 Rc4 25. Rcd1 Bxf4 26. Bxf4 Rxf4 27. Rd4 Rg8+ 28. Kh2 Rf3 29. c4 dxc4 30. Rxc4+ Kb8 31. Rd4 Rg5 32. Re4 Rd3 33. Re2 Kc7 34. Rc1+ Kd7 35. Rcc2 Rf5 36. Re4 Ke7 37. f4 f6 38. Rc7+ Rd7 39. Rxd7+ Kxd7 40. exf6 Rxf6 1/2-1/2

[Event "BEL-ch op"]
[Site "Lommel"]
[Date "2012.07.01"]
[Round "2"]
[White "Ponnet, Hendrik"]
[Black "Maurissen, Wim"]
[Result "1-0"]
[WhiteElo "2206"]
[BlackElo "1901"]
[PlyCount "61"]
[EventDate "2012.06.30"]
[EventType "swiss"]
[EventRounds "9"]
[EventCountry "BEL"]
[SourceTitle "EXT 2013"]
[Source "ChessBase"]
[SourceDate "2012.11.22"]
[SourceVersion "1"]
[SourceVersionDate "2012.11.22"]
[SourceQuality "1"]

1. g3 Nf6 2. d4 d5 3. Bg2 e6 4. c3 c5 5. Nf3 Bd6 6. 0-0 0-0 7. Nbd2 Nc6 8. b3 e5 9. dxe5 Nxe5 10. Bb2 Re8 11. Re1 Ng6 12. Qc2 Ne4 13. c4 Nxd2 14. Qxd2 dxc4 15. Rad1 cxb3 16. Qxd6 Qxd6 17. Rxd6 bxa2 18. Ra1 Be6 19. Ba3 Rad8 20. Bxc5 Rxd6 21. Bxd6 Bd5 22. e3 Rc8 23. Nd4 Rd8 24. Bc7 Rd7 25. Bxd5 Rxd5 26. Rxa2 a6 27. Rb2 b5 28. Ra2 Rd7 29. Bb6 b4 30. Rxa6 Rb7 31. Ra8+ 1-0

[Event "Brasschaat op 11th"]
[Site "Brasschaat"]
[Date "2011.08.26"]
[Round "7"]
[White "Den Boer, Lennard"]
[Black "Ponnet, Hendrik"]
[Result "1-0"]
[WhiteElo "1958"]
[BlackElo "2159"]
[PlyCount "83"]
[EventDate "2011.08.20"]
[EventType "swiss"]
[EventRounds "9"]
[EventCountry "BEL"]
[SourceTitle "CBM 144 Extra"]
[Source "ChessBase"]
[SourceDate "2011.10.28"]
[SourceVersion "1"]
[SourceVersionDate "2011.10.28"]
[SourceQuality "1"]

1. e4 e6 2. d4 d5 3. e5 c5 4. c3 Nc6 5. Nf3 Qb6 6. a3 Nh6 7. b4 cxd4 8. cxd4 Nf5 9. Bb2 a5 10. b5 a4 11. g4 Nfe7 12. Bc3 Na5 13. Qxa4 Bd7 14. Bb4 Nc8 15. Nbd2 Be7 16. Bd3 0-0 17. 0-0 Ra7 18. Bxe7 Nxe7 19. Qb4 Ng6 20. Rfc1 Nf4 21. Bf1 Rfa8 22. a4 h6 23. Rc3 Be8 24. h4 Nc6 25. Qd6 Rd8 26. Qc5 Qxc5 27. dxc5 Na5 28. Nd4 f6 29. N2f3 Nc4 30. exf6 e5 31. Nf5 Bxb5 32. fxg7 e4 33. N3d4 Rxa4 34. Rxa4 Bxa4 35. Bxc4 dxc4 36. Rxc4 Bd7 37. Nxh6+ Kxg7 38. Ndf5+ Kh7 39. Rxe4 Ng6 40. h5 Bc6 41. hxg6+ Kxg6 42. Re6+ 1-0

[Event "Brasschaat op 11th"]
[Site "Brasschaat"]
[Date "2011.08.23"]
[Round "4"]
[White "Ponnet, Hendrik"]
[Black "Dgebuadze, Alexandre"]
[Result "0-1"]
[WhiteElo "2159"]
[BlackElo "2522"]
[PlyCount "88"]
[EventDate "2011.08.20"]
[EventType "swiss"]
[EventRounds "9"]
[EventCountry "BEL"]
[SourceTitle "CBM 144 Extra"]
[Source "ChessBase"]
[SourceDate "2011.10.28"]
[SourceVersion "1"]
[SourceVersionDate "2011.10.28"]
[SourceQuality "1"]

1. e4 c6 2. f4 d5 3. Nf3 dxe4 4. Ng5 Nf6 5. Bc4 e6 6. Nc3 b5 7. Bb3 Na6 8. Ncxe4 Nxe4 9. Nxe4 Nc5 10. Nxc5 Bxc5 11. c3 Qh4+ 12. g3 Qe7 13. d4 Bb6 14. Qe2 c5 15. dxc5 Qxc5 16. f5 0-0 17. f6 g6 18. Bd2 Bb7 19. Rf1 Rfd8 20. 0-0-0 Bd5 21. Bf4 b4 22. Be5 bxc3 23. Bxc3 Bxb3 24. axb3 Qe3+ 25. Qxe3 Bxe3+ 26. Kc2 h5 27. Rde1 Bb6 28. Re5 Rac8 29. g4 hxg4 30. Re4 Rd4 31. Rff4 Rxe4 32. Rxe4 Bg1 33. Re2 Kh7 34. Kd3 Bb6 35. Re4 Kh6 36. Rxg4 Kh5 37. h3 Rc5 38. Rc4 g5 39. Rd4 Rd5 40. Rxd5 exd5 41. Be1 Kg6 42. Bc3 a6 43. b4 Kf5 44. b3 Bd8 0-1

[Event "Geraardsbergen op 27th"]
[Site "Geraardsbergen"]
[Date "2011.08.12"]
[Round "3"]
[White "Ponnet, Hendrik"]
[Black "De Vogelaere, Robin"]
[Result "1-0"]
[WhiteElo "2159"]
[BlackElo "1815"]
[PlyCount "29"]
[EventDate "2011.08.11"]
[EventType "swiss"]
[EventRounds "9"]
[EventCountry "BEL"]
[SourceTitle "CBM 144 Extra"]
[Source "ChessBase"]
[SourceDate "2011.10.28"]
[SourceVersion "1"]
[SourceVersionDate "2011.10.28"]
[SourceQuality "1"]

1. e4 c5 2. c3 d5 3. exd5 Qxd5 4. d4 g6 5. Nf3 Bg7 6. Na3 cxd4 7. Bc4 Qh5 8. Qb3 e6 9. Nb5 Qc5 10. cxd4 Qb6 11. Bf4 Na6 12. a4 Nh6 13. a5 Qd8 14. Nd6+ Kf8 15. Nxb7 1-0

[Event "Charleroi op"]
[Site "Charleroi"]
[Date "2011.08.04"]
[Round "7"]
[White "Verspecht, Thierry"]
[Black "Ponnet, Hendrik"]
[Result "1/2-1/2"]
[WhiteElo "2077"]
[BlackElo "2159"]
[PlyCount "75"]
[EventDate "2011.07.30"]
[EventType "swiss"]
[EventRounds "9"]
[EventCountry "BEL"]
[SourceTitle "EXT 2012"]
[Source "ChessBase"]
[SourceDate "2011.11.24"]
[SourceVersion "1"]
[SourceVersionDate "2011.11.24"]
[SourceQuality "1"]

1. d4 d6 2. e4 Nf6 3. Nc3 c6 4. f4 Qa5 5. Bd3 e5 6. Nf3 Bg4 7. Be3 exf4 8. Bxf4 Qb6 9. Ne2 d5 10. exd5 Nxd5 11. 0-0 Be7 12. Qd2 Nd7 13. Kh1 0-0 14. c4 Nxf4 15. Qxf4 Nf6 16. h3 Bh5 17. Ng3 Bg6 18. Nf5 Bxf5 19. Qxf5 g6 20. Qe5 Rae8 21. g4 Bd8 22. Qf4 Qc7 23. Ne5 Nd7 24. Nxd7 Qxd7 25. Rae1 Bc7 26. Qf6 Rxe1 27. Rxe1 Re8 28. Re4 Bd8 29. Qf3 Rxe4 30. Qxe4 Bf6 31. d5 Bxb2 32. dxc6 bxc6 33. Be2 Qd2 34. Bf3 Kg7 35. Qe2 Qxe2 36. Bxe2 f5 37. gxf5 gxf5 38. c5 1/2-1/2

[Event "Charleroi op"]
[Site "Charleroi"]
[Date "2011.07.30"]
[Round "1"]
[White "Ponnet, Hendrik"]
[Black "Goffart, Nicolas"]
[Result "1-0"]
[WhiteElo "2159"]
[BlackElo "1750"]
[PlyCount "31"]
[EventDate "2011.07.30"]
[EventType "swiss"]
[EventRounds "9"]
[EventCountry "BEL"]
[SourceTitle "EXT 2012"]
[Source "ChessBase"]
[SourceDate "2011.11.24"]
[SourceVersion "1"]
[SourceVersionDate "2011.11.24"]
[SourceQuality "1"]

1. e4 c6 2. d4 d5 3. f3 e6 4. Nc3 Bb4 5. a3 Bxc3+ 6. bxc3 dxe4 7. Qe2 exf3 8. Nxf3 Ne7 9. Qf2 Nd7 10. Bd3 Nf6 11. 0-0 Qc7 12. Bg5 Nfd5 13. c4 Nb6 14. Ne5 f5 15. Qh4 h6 16. Bxe7 1-0

[Event "Ghent Taminco op 34th"]
[Site "Ghent"]
[Date "2011.07.19"]
[Round "6"]
[White "Ponnet, Hendrik"]
[Black "Bosschem, Tim"]
[Result "1/2-1/2"]
[WhiteElo "2159"]
[BlackElo "2068"]
[PlyCount "48"]
[EventDate "2011.07.16"]
[EventType "swiss"]
[EventRounds "9"]
[EventCountry "BEL"]
[SourceTitle "CBM 143 Extra"]
[Source "ChessBase"]
[SourceDate "2011.08.29"]
[SourceVersion "1"]
[SourceVersionDate "2011.08.29"]
[SourceQuality "1"]

1. e4 c5 2. c3 Nf6 3. e5 Nd5 4. d4 cxd4 5. cxd4 d6 6. Bc4 e6 7. Nf3 Nc6 8. 0-0 Nb6 9. Bb3 dxe5 10. dxe5 Qxd1 11. Rxd1 g6 12. Nc3 Bg7 13. Bf4 0-0 14. h4 Nd7 15. Re1 Nc5 16. Bc4 a6 17. Rac1 Rd8 18. Re3 Bd7 19. a3 Be8 20. Kh2 Nd4 21. Nxd4 Rxd4 22. Ne2 Rdd8 23. b4 Nd7 24. Bb3 Nb6 1/2-1/2

[Event "Brasschaat op 10th"]
[Site "Brasschaat"]
[Date "2010.08.19"]
[Round "6"]
[White "Colijn, Stefan"]
[Black "Ponnet, Hendrik"]
[Result "1/2-1/2"]
[WhiteElo "2174"]
[BlackElo "2072"]
[PlyCount "115"]
[EventDate "2010.08.14"]
[EventType "swiss"]
[EventRounds "9"]
[EventCountry "BEL"]
[SourceTitle "CBM 138 Extra"]
[Source "ChessBase"]
[SourceDate "2010.10.29"]
[SourceVersion "1"]
[SourceVersionDate "2010.10.29"]
[SourceQuality "1"]

1. Nf3 d6 2. g3 e5 3. d3 f5 4. Bg2 Nf6 5. c4 Be7 6. Nc3 0-0 7. 0-0 Qe8 8. e4 c6 9. exf5 Bxf5 10. d4 Nbd7 11. Nh4 Bg4 12. f3 exd4 13. fxg4 dxc3 14. g5 Nh5 15. Nf5 cxb2 16. Bxb2 Bxg5 17. Qxd6 Bf6 18. Rae1 Qd8 19. Qe6+ Kh8 20. Ba3 Re8 21. Qf7 g6 22. Nd6 Rxe1 23. Rxe1 Ne5 24. Qxb7 Qb6+ 25. c5 Qxb7 26. Nxb7 Nc4 27. Bc1 Bd4+ 28. Kh1 Nf6 29. Rd1 Bc3 30. Bxc6 Ng4 31. Rd8+ Rxd8 32. Nxd8 Nce5 33. Bb7 Nf2+ 34. Kg2 Nfd3 35. Be3 Nc4 36. Bg1 Nb4 37. c6 Nd5 38. Bxa7 Ba5 39. Ne6 Nd6 40. Bb8 Ne8 41. Ba6 Kg8 42. Ng5 Kf8 43. Nxh7+ Ke7 44. a4 Nec7 45. Kf3 Nxa6 46. Be5 Nab4 47. Ke4 Nc7 48. Nf6 Nxc6 49. Bxc7 Kxf6 50. Bxa5 Nxa5 51. h4 Nb3 52. Kf4 Na5 53. g4 Nb3 54. Ke3 Ke5 55. Ke2 Kf4 56. h5 gxh5 57. gxh5 Kg5 58. Kd3 1/2-1/2

[Event "Charleroi op"]
[Site "Charleroi"]
[Date "2010.08.06"]
[Round "8"]
[White "Ponnet, Hendrik"]
[Black "Cesar, Andre"]
[Result "1-0"]
[WhiteElo "2072"]
[BlackElo "1788"]
[PlyCount "45"]
[EventDate "2010.07.31"]
[EventType "swiss"]
[EventRounds "9"]
[EventCountry "BEL"]
[SourceTitle "CBM 137 Extra"]
[Source "ChessBase"]
[SourceDate "2010.09.01"]
[SourceVersion "1"]
[SourceVersionDate "2010.09.01"]
[SourceQuality "1"]

1. e4 c6 2. d4 d5 3. f3 g6 4. Nc3 Bg7 5. Be3 dxe4 6. fxe4 Nf6 7. Nf3 Qb6 8. a3 0-0 9. Bc4 Bg4 10. Qd2 Qc7 11. e5 Nfd7 12. 0-0 Bxf3 13. Rxf3 e6 14. Raf1 Nb6 15. Bb3 Nd5 16. Ne4 Nd7 17. Ng5 Nxe3 18. Qxe3 Bh6 19. Rh3 Bxg5 20. Qxg5 Rfe8 21. Rxf7 Kxf7 22. Rxh7+ Kf8 23. Qh6+ 1-0

[Event "Ghent op"]
[Site "Ghent"]
[Date "2005.03.28"]
[Round "6"]
[White "Ponnet, Hendrik"]
[Black "Tarassiouk, Andrei"]
[Result "1-0"]
[WhiteElo "2019"]
[BlackElo "1651"]
[PlyCount "25"]
[EventDate "2005.03.26"]
[EventType "swiss"]
[EventRounds "6"]
[EventCountry "BEL"]
[SourceTitle "EXT 2008"]
[Source "ChessBase"]
[SourceDate "2007.11.25"]
[SourceVersion "1"]
[SourceVersionDate "2007.11.25"]
[SourceQuality "1"]

1. e4 c5 2. c3 d5 3. exd5 Qxd5 4. d4 e6 5. Na3 cxd4 6. Nb5 Qe5+ 7. Be2 dxc3 8. Nf3 cxb2 9. Nxe5 bxa1Q 10. Nc7+ Ke7 11. Ba3+ Kf6 12. Qxa1 Bxa3 13. Nc4+ 1-0

[Event "Nittenau-ch 04th"]
[Site "Nittenau"]
[Date "2004.08.28"]
[Round "3"]
[White "Helmich, Joerg"]
[Black "Ponnet, Hendrik"]
[Result "1/2-1/2"]
[WhiteElo "1663"]
[BlackElo "1888"]
[PlyCount "59"]
[EventDate "2004.08.27"]
[EventType "swiss"]
[EventRounds "5"]
[EventCountry "GER"]
[SourceTitle "EXT 2022"]
[Source "ChessBase"]
[SourceDate "2021.10.06"]
[SourceVersion "1"]
[SourceVersionDate "2021.10.06"]
[SourceQuality "1"]

1. e4 c5 2. Nf3 a6 3. c3 d5 4. exd5 Qxd5 5. d4 Bg4 6. Be2 e6 7. c4 Qd8 8. d5 exd5 9. cxd5 Nf6 10. Nc3 Nbd7 11. Bg5 h6 12. Bh4 g5 13. Bg3 Nb6 14. d6 Nc8 15. Nxg5 hxg5 16. Bxg4 Nxg4 17. Qxg4 Nxd6 18. 0-0-0 f5 19. Qe2+ Kf7 20. Bxd6 Bxd6 21. Rhe1 Qf6 22. Qc4+ Kg7 23. Nd5 Qf7 24. Qc3+ Kg6 25. Nb6 Rad8 26. Rxd6+ Rxd6 27. Nc4 Re6 28. Ne5+ Rxe5 29. Qxe5 Qf6 30. h3 1/2-1/2

[Event "Nittenau-ch 4th"]
[Site "Nittenau"]
[Date "2004.08.28"]
[Round "2"]
[White "Ponnet, Hendrik"]
[Black "Reich, Thomas"]
[Result "0-1"]
[WhiteElo "1888"]
[BlackElo "2401"]
[PlyCount "158"]
[EventDate "2004.08.27"]
[EventType "swiss"]
[EventRounds "5"]
[EventCountry "GER"]
[SourceTitle "EXT 2008"]
[Source "ChessBase"]
[SourceDate "2007.11.25"]
[SourceVersion "1"]
[SourceVersionDate "2007.11.25"]
[SourceQuality "1"]

1. e4 d6 2. d4 g6 3. Nc3 Bg7 4. Bg5 a6 5. Nf3 Bg4 6. Qd2 Nd7 7. h4 c5 8. d5 Bxf3 9. gxf3 h5 10. Rg1 b5 11. a3 Rb8 12. Nd1 Ne5 13. Be2 Nf6 14. c3 Nfd7 15. Ne3 Nb6 16. Qc2 Nbc4 17. Nxc4 bxc4 18. Rb1 Qd7 19. Rg3 Qb5 20. a4 Qb3 21. Qxb3 Rxb3 22. Kd2 Kd7 23. Kc2 Rhb8 24. Bc1 Nd3 25. f4 Bf6 26. Bxd3 cxd3+ 27. Rxd3 Bxh4 28. Be3 Bf6 29. e5 Bg7 30. f3 R3b7 31. Bf2 a5 32. Bg3 f6 33. e6+ Kc7 34. c4 f5 35. b3 Bf6 36. Rh1 Rh8 37. Bh4 Bxh4 38. Rxh4 Rbb8 39. Rd2 Rbg8 40. Rg2 Kd8 41. Kc3 Ke8 42. Rg5 Kf8 43. Kb2 Kg7 44. Ka3 Kf6 45. Kb2 Rb8 46. Rg2 Rb7 47. Ka3 Rhb8 48. Rb2 g5 49. Rxh5 gxf4 50. Ka2 Ke5 51. Rh4 Kf6 52. Rh7 Rg8 53. Rf7+ Ke5 54. Re2+ Kd4 55. Rxf5 Kd3 56. Rb2 Ke3 57. Rb1 Rg2+ 58. Ka3 Rf2 59. Re1+ Kd2 60. Rb1 Rxf3 61. Rf8 Kc2 62. Rb2+ Kc3 63. Rb1 Kd4 64. Ka2 Ke4 65. Re1+ Re3 66. Rf1 f3 67. Rh1 Rexb3 68. Rh4+ Ke3 69. Rh3 Rb2+ 70. Ka1 Rf2 71. Rf7 Kd3 72. Rf4 Kc3 73. Rh1 Rbb2 74. Rc1+ Rbc2 75. Rxc2+ Kxc2 76. Ka2 Kc3+ 77. Ka3 Rf1 78. Ka2 f2 79. Rf3+ Kxc4 0-1

[Event "BEL-ch opB"]
[Site "Westerlo"]
[Date "2004.07.??"]
[Round "5"]
[White "Van Bever, Roland"]
[Black "Ponnet, Hendrik"]
[Result "0-1"]
[WhiteElo "1957"]
[BlackElo "1781"]
[PlyCount "102"]
[EventDate "2004.07.??"]
[EventType "swiss"]
[EventRounds "9"]
[EventCountry "BEL"]
[SourceTitle "EXT 2005"]
[Source "ChessBase"]
[SourceDate "2004.11.15"]
[SourceVersion "1"]
[SourceVersionDate "2004.11.15"]
[SourceQuality "1"]

1. e4 c5 2. Nc3 e6 3. g3 Nc6 4. Bg2 g6 5. d3 Bg7 6. Be3 Qa5 7. Nge2 Nge7 8. 0-0 0-0 9. f4 Rd8 10. e5 b6 11. Bd2 Rb8 12. Ne4 Qa6 13. c4 Bb7 14. N2c3 Nd4 15. a4 Bxe4 16. Nxe4 d5 17. exd6 Nef5 18. Bc3 Ne3 19. Qd2 Nxf1 20. Rxf1 f5 21. Ng5 Rxd6 22. Re1 Re8 23. Nf3 Qxa4 24. Ne5 Qc2 25. Qe3 a6 26. h3 b5 27. cxb5 axb5 28. g4 b4 29. Bxd4 cxd4 30. Qe2 Qxe2 31. Rxe2 Bxe5 32. Rxe5 Rb8 33. Bf3 b3 34. Kf2 Ra6 35. Re2 Rb5 36. Rd2 Rc5 37. Bd1 Rb6 38. Kf3 Kf7 39. Kg3 e5 40. gxf5 exf4+ 41. Kxf4 gxf5 42. Re2 Rc1 43. Rd2 Kf6 44. h4 h5 45. Kf3 Rb7 46. Kf4 Rg7 47. Bxh5 Rc2 48. Re2 Rxe2 49. Bxe2 Rg2 50. Kf3 Rh2 51. h5 Kg5 0-1